[Event "SUI-chT Winterthur-Geneve"]
[Site "?"]
[Date "2009.05.10"]
[Round "4.8"]
[White "Szakolczai, Peter"]
[Black "Kovacevic, Vladimir"]
[Result "1-0"]
[WhiteElo "2274"]
[BlackElo "2218"]
[PlyCount "69"]
[EventDate "2009.??.??"]
[SourceDate "2001.01.01"]

1. e4 e6 2. d4 d5 3. Bd3 Nc6 4. c3 dxe4 5. Bxe4 Nf6 6. Bg5 Be7 7. Bxf6 gxf6 8.
Ne2 f5 9. Bf3 h5 10. Nd2 h4 11. Nc4 Bg5 12. Qb3 Kf8 13. Rd1 Ne7 14. h3 Nd5 15.
Ne5 c6 16. O-O Nf6 17. c4 Qc7 18. Rfe1 Rg8 19. Qa3+ Kg7 20. b4 Bd7 21. Qb2 Be8
22. d5 cxd5 23. cxd5 Rd8 24. Nd4 Rd6 25. Nd3 Ba4 26. Rb1 Bd7 27. dxe6 fxe6 28.
Nc5 Re8 29. Bh5 Rh8 30. Rxe6 Rxh5 31. Nxf5+ Kg6 32. Rxd6 Bxf5 33. Rbd1 Qe7 34.
Qd4 b6 35. Nd3 1-0

[Event "SUI-chT Reichenstein-Wollishofen"]
[Site "?"]
[Date "2009.06.14"]
[Round "5.1"]
[White "Riff, Jean-Noel"]
[Black "Prusikin, Michael"]
[Result "1/2-1/2"]
[WhiteElo "2469"]
[BlackElo "2552"]
[PlyCount "25"]
[EventDate "2009.04.29"]
[SourceDate "2001.01.01"]

1. e4 e6 2. d4 d5 3. Nc3 Nf6 4. e5 Nfd7 5. f4 c5 6. Nf3 Nc6 7. Be3 Be7 8. Be2
O-O 9. O-O f6 10. exf6 Nxf6 11. Kh1 Ne4 12. dxc5 Bxc5 13. Bxc5 1/2-1/2

[Event "SUI-chT Wollishofen-Reichenstein"]
[Site "?"]
[Date "2009.06.14"]
[Round "5.2"]
[White "Carron, Julien"]
[Black "Sokolov, Andrei"]
[Result "1/2-1/2"]
[WhiteElo "2411"]
[BlackElo "2562"]
[PlyCount "51"]
[EventDate "2009.04.29"]
[SourceDate "2001.01.01"]

1. d4 Nf6 2. c4 e6 3. g3 d5 4. Bg2 Bb4+ 5. Bd2 Be7 6. Nf3 O-O 7. O-O c6 8. Qb3
b6 9. Nc3 Ba6 10. cxd5 cxd5 11. Nb5 Nc6 12. Rfc1 Qd7 13. a4 Rfc8 14. Rc2 Ne4
15. Be1 Nd6 16. Rac1 Bxb5 17. axb5 Na5 18. Bxa5 Rxc2 19. Qxc2 bxa5 20. Qc6 Qd8
21. Qa6 Qb6 22. Rc6 Qxa6 23. Rxa6 Nxb5 24. Rxa5 Rb8 25. e3 Bd6 26. Ra6 1/2-1/2

[Event "SUI-chT Reichenstein-Wollishofen"]
[Site "?"]
[Date "2009.06.14"]
[Round "5.3"]
[White "Drabke, Lorenz"]
[Black "Moor, Olivier"]
[Result "1-0"]
[WhiteElo "2432"]
[BlackElo "2368"]
[PlyCount "77"]
[EventDate "2009.04.29"]
[SourceDate "2001.01.01"]

1. e4 e6 2. d3 d5 3. Nd2 Nf6 4. Ngf3 Nc6 5. c3 e5 6. b4 Bd6 7. Be2 a5 8. b5 Ne7
9. O-O Ng6 10. Bb2 a4 11. exd5 a3 12. Bc1 Nxd5 13. Ne4 O-O 14. c4 Ndf4 15. Nxd6
Qxd6 16. Be3 Re8 17. Re1 Bg4 18. h3 Bh5 19. Bf1 Nxh3+ 20. gxh3 e4 21. dxe4 Qxd1
22. Raxd1 Bxf3 23. Rd7 Rac8 24. Bc1 Bxe4 25. Bg2 Ne5 26. Rxe4 Nxd7 27. Bxa3 b6
28. Bb4 Rxe4 29. Bxe4 Nf6 30. Bc6 Rd8 31. a4 Rd4 32. a5 Rxc4 33. Bd6 bxa5 34.
Bxc7 Rc1+ 35. Kg2 a4 36. Bd6 Rb1 37. Ba3 Rb3 38. Bc5 h5 39. b6 1-0

[Event "SUI-chT Wollishofen-Reichenstein"]
[Site "?"]
[Date "2009.06.14"]
[Round "5.4"]
[White "Hochstrasser, Michael"]
[Black "Volke, Karsten"]
[Result "1/2-1/2"]
[WhiteElo "2358"]
[BlackElo "2462"]
[PlyCount "80"]
[EventDate "2009.04.29"]
[SourceDate "2001.01.01"]

1. d4 Nf6 2. c4 e6 3. Nc3 Bb4 4. e3 O-O 5. a3 Bxc3+ 6. bxc3 b6 7. Bd3 Bb7 8. f3
c5 9. Ne2 Nc6 10. O-O Na5 11. e4 Ne8 12. dxc5 bxc5 13. Be3 Rc8 14. Qa4 Bc6 15.
Qc2 Qe7 16. Ng3 f6 17. f4 Nc7 18. f5 e5 19. Rf2 Na8 20. Nh5 Nb6 21. Qe2 d6 22.
g4 Be8 23. Rg2 Qf7 24. Kh1 Naxc4 25. Nxf6+ Qxf6 26. Bxc4+ Nxc4 27. Qxc4+ Bf7
28. Qd3 d5 29. g5 Qc6 30. g6 hxg6 31. Rag1 c4 32. Qe2 d4 33. Bd2 g5 34. Rxg5 g6
35. fxg6 Be8 36. Qh5 Qxe4+ 37. R1g2 Qb1+ 38. Rg1 Qe4+ 39. R1g2 Qb1+ 40. Rg1
Qe4+ 1/2-1/2

[Event "SUI-chT Wollishofen-Reichenstein"]
[Site "?"]
[Date "2009.06.14"]
[Round "5.6"]
[White "Gaehler, Marco"]
[Black "Wirthensohn, Heinz"]
[Result "0-1"]
[WhiteElo "2337"]
[BlackElo "2396"]
[PlyCount "92"]
[EventDate "2009.04.29"]
[SourceDate "2001.01.01"]

1. e4 c5 2. Nc3 Nc6 3. Bb5 Nd4 4. Ba4 e6 5. Nf3 Qa5 6. O-O Ne7 7. Nxd4 cxd4 8.
Nb5 Nc6 9. c3 Be7 10. Nxd4 Nxd4 11. cxd4 Qb4 12. d5 Qxe4 13. dxe6 fxe6 14. Bc2
Qd4 15. Rb1 O-O 16. b3 b6 17. Bb2 Qh4 18. g3 Qh6 19. Be4 Ba6 20. Bxa8 Bxf1 21.
Be4 Ba6 22. Rc1 Bc5 23. d4 Bd6 24. Rc2 Qf6 25. d5 e5 26. Kg2 Qe7 27. Qh5 g6 28.
Qg4 Qf7 29. h4 Bb7 30. Rd2 Bb4 31. Re2 d6 32. Qf3 Qxf3+ 33. Bxf3 Rc8 34. a3 Bc3
35. Bc1 Ba6 36. Bg4 Rc7 37. Re4 Bd3 38. Re3 e4 39. f3 Bd4 40. Re1 Rc2+ 41. Kh3
Bf2 42. Rd1 Be2 43. Rd2 Bf1+ 44. Kh2 Rxd2 45. Bxd2 e3 46. Be6+ Kf8 0-1

[Event "SUI-chT Reichenstein-Wollishofen"]
[Site "?"]
[Date "2009.06.14"]
[Round "5.7"]
[White "Maier, Christian"]
[Black "Maeser, Fabian"]
[Result "1/2-1/2"]
[WhiteElo "2366"]
[BlackElo "2303"]
[PlyCount "107"]
[EventDate "2009.04.29"]
[SourceDate "2001.01.01"]

1. e4 d5 2. exd5 Qxd5 3. Nc3 Qa5 4. Bc4 c6 5. Qe2 Nf6 6. Nf3 Bf5 7. Ne5 e6 8.
g4 Bg6 9. h4 Nbd7 10. Nxd7 Kxd7 11. h5 Bxc2 12. d3 Ba4 13. Bd2 b5 14. Nxb5 Bb4
15. Nc3 Nd5 16. Rc1 Nxc3 17. bxc3 Bd6 18. Qf3 Qe5+ 19. Kf1 Qf6 20. Qe4 Qe5 21.
Qg2 Rab8 22. Re1 Qf6 23. Rh3 c5 24. g5 Qf5 25. Rf3 Bc6 26. Re4 Bxe4 27. dxe4
Rb1+ 28. Be1 Rxe1+ 29. Kxe1 Qxe4+ 30. Be2 Qb1+ 31. Bd1 Qe4+ 32. Be2 Qb1+ 33.
Bd1 Ke7 34. Re3 Rd8 35. Qe4 Qxe4 36. Rxe4 g6 37. hxg6 hxg6 38. Bb3 Rb8 39. Kd2
Rb7 40. Kd3 Rb6 41. Ra4 Rb7 42. Ke4 Rd7 43. Rc4 Bc7 44. Rxc5 Bb6 45. Rc8 Bxf2
46. Ba4 Rd8 47. Rxd8 Kxd8 48. Kf4 Ke7 49. Kg4 Be3 50. Bc6 Bd2 51. c4 Be3 52.
Bb5 Kd6 53. Be8 Ke7 54. Bc6 1/2-1/2

[Event "SUI-chT Wollishofen-Reichenstein"]
[Site "?"]
[Date "2009.06.14"]
[Round "5.8"]
[White "Kupper, Patrick"]
[Black "Heimann, Andreas"]
[Result "0-1"]
[WhiteElo "2310"]
[BlackElo "2389"]
[PlyCount "108"]
[EventDate "2009.04.29"]
[SourceDate "2001.01.01"]

1. e4 e5 2. Bc4 Nf6 3. d3 c6 4. Nf3 d5 5. Bb3 Bd6 6. exd5 Nxd5 7. O-O O-O 8.
Re1 Nd7 9. Nbd2 Re8 10. Ne4 Bc7 11. Bg5 f6 12. Bd2 Nf8 13. c4 Ne7 14. Bc3 Bg4
15. h3 Bh5 16. Ng3 Bxf3 17. Qxf3 Ne6 18. Qg4 Ng6 19. Nf5 Qd7 20. d4 Kh8 21.
dxe5 Bxe5 22. Rad1 Qc7 23. Bxe5 Nxe5 24. Qh4 Rad8 25. Bc2 Nf8 26. c5 Qa5 27. b4
Qxa2 28. Qg3 g6 29. Bb3 Rxd1 30. Rxd1 Qa3 31. Nd6 Re7 32. f4 Ned7 33. Qc3 a5
34. Qc4 Kg7 35. Qg8+ Kh6 36. Nf7+ Rxf7 37. Qxf7 Qxb4 38. Rf1 Qxc5+ 39. Kh1 Qd6
40. Qc4 b5 41. Qc1 Qc5 42. Qd2 Qb4 43. Qe3 Qa3 44. g4 a4 45. g5+ Kg7 46. gxf6+
Nxf6 47. Qa7+ N6d7 48. Qd4+ Nf6 49. Qa7+ Kh6 50. Qd4 Nh5 51. Qd8 axb3 52. Qg5+
Kg7 53. f5 b2 54. f6+ Kf7 0-1

[Event "SUI-chT Joueur-Zuerich"]
[Site "?"]
[Date "2009.06.14"]
[Round "5.1"]
[White "Chernuschevich, Alexei"]
[Black "Bauer, Christian"]
[Result "0-1"]
[WhiteElo "2526"]
[BlackElo "2625"]
[PlyCount "55"]
[EventDate "2009.06.14"]
[EventRounds "5"]
[SourceDate "2001.01.01"]

1. d4 Nf6 2. Nf3 c5 3. e3 g6 4. c4 Bg7 5. Nc3 O-O 6. Be2 d6 7. O-O Nc6 8. d5
Na5 9. a3 e6 10. e4 exd5 11. exd5 Bg4 12. Bg5 Bxf3 13. gxf3 h6 14. Be3 Nh5 15.
Qc2 Be5 16. Ne4 Qh4 17. Ng3 Rae8 18. f4 Nxf4 19. Bxf4 Qxf4 20. Rad1 b5 21. cxb5
h5 22. Rfe1 h4 23. Nf1 Bd4 24. Bd3 Qg4+ 25. Kh1 Qf3+ 26. Kg1 h3 27. Ne3 Re5 28.
b4 0-1

[Event "SUI-chT Zuerich-Joueur"]
[Site "?"]
[Date "2009.06.14"]
[Round "5.2"]
[White "Jenni, Florian"]
[Black "Gallagher, Joseph"]
[Result "1/2-1/2"]
[WhiteElo "2492"]
[BlackElo "2474"]
[PlyCount "34"]
[EventDate "2009.06.14"]
[EventRounds "5"]
[SourceDate "2001.01.01"]

1. e4 c5 2. c3 Nf6 3. e5 Nd5 4. d4 cxd4 5. Nf3 Nc6 6. cxd4 d6 7. Bc4 Nb6 8. Bb5
dxe5 9. Nxe5 Bd7 10. Nxd7 Qxd7 11. Nc3 Rd8 12. Be3 e6 13. O-O Be7 14. Qf3 a6
15. Bxc6 Qxc6 16. Qxc6+ bxc6 17. Rfc1 Kd7 1/2-1/2

[Event "SUI-chT Zuerich-Joueur"]
[Site "?"]
[Date "2009.06.14"]
[Round "5.4"]
[White "Brunner, Lucas"]
[Black "Netzer, Jean"]
[Result "1-0"]
[WhiteElo "2475"]
[BlackElo "2367"]
[PlyCount "81"]
[EventDate "2009.06.14"]
[EventRounds "5"]
[SourceDate "2001.01.01"]

1. Nf3 Nf6 2. g3 g6 3. c4 Bg7 4. Bg2 O-O 5. O-O d6 6. Nc3 e5 7. d4 Nbd7 8. e4
a6 9. h3 b5 10. dxe5 dxe5 11. Qc2 c6 12. Be3 Qe7 13. Nd2 Bb7 14. a3 Rac8 15.
Rac1 Ne8 16. cxb5 cxb5 17. Nd5 Qd6 18. Qd3 Nc7 19. Nb3 Nxd5 20. exd5 f5 21. Na5
Ba8 22. Qb3 Kh8 23. Nc6 h6 24. Rfd1 Rfe8 25. a4 f4 26. Bd2 bxa4 27. Qxa4 fxg3
28. fxg3 e4 29. Bf4 Qf8 30. d6 Bxc6 31. Rxc6 Nc5 32. Rxc8 Rxc8 33. Qa3 Qf5 34.
Be3 Nd3 35. Qxa6 Rd8 36. Bxe4 Qxe4 37. Qxd3 Qe6 38. Kh2 Rd7 39. Bd4 Rxd6 40.
Bxg7+ Kh7 41. Bd4 1-0

[Event "SUI-chT Joueur-Zuerich"]
[Site "?"]
[Date "2009.06.14"]
[Round "5.5"]
[White "Lamoureux, Charles"]
[Black "Vogt, Lothar"]
[Result "0-1"]
[WhiteElo "2366"]
[BlackElo "2458"]
[PlyCount "90"]
[EventDate "2009.06.14"]
[EventRounds "5"]
[SourceDate "2001.01.01"]

1. e4 c5 2. Nf3 e6 3. d4 cxd4 4. Nxd4 Nf6 5. Nc3 d6 6. Be2 Be7 7. O-O O-O 8. f4
Qb6 9. Kh1 Nc6 10. Nf3 a6 11. a3 Qc7 12. Qe1 b5 13. Bd3 Bb7 14. Qg3 b4 15. Ne2
d5 16. exd5 exd5 17. axb4 Ne4 18. Qh3 Nxb4 19. Be3 Bf6 20. Bd4 Rfe8 21. Rad1
Bxd4 22. Nfxd4 Qb6 23. f5 Nf6 24. Qh4 Re3 25. Ng3 Nxd3 26. cxd3 Rae8 27. Nc2
R3e7 28. b4 d4 29. Qxd4 Bxg2+ 30. Kxg2 Qc6+ 31. Kg1 Qxc2 32. Qc4 Qb2 33. Rf2
Qe5 34. Re2 Qd6 35. Rde1 Rxe2 36. Rxe2 Rxe2 37. Nxe2 h6 38. Ng3 Qe5 39. Kg2 h5
40. h3 Qb2+ 41. Kg1 Qe5 42. Kg2 Nd5 43. Qxa6 h4 44. Qc8+ Kh7 45. Ne4 Qf4 0-1

[Event "SUI-chT Zuerich-Joueur"]
[Site "?"]
[Date "2009.06.14"]
[Round "5.6"]
[White "Hug, Werner"]
[Black "Burnier, David"]
[Result "1-0"]
[WhiteElo "2455"]
[BlackElo "2326"]
[PlyCount "79"]
[EventDate "2009.06.14"]
[EventRounds "5"]
[SourceDate "2001.01.01"]

1. d4 Nf6 2. Nf3 c5 3. c3 d5 4. Bf4 Nc6 5. e3 Qb6 6. Qb3 c4 7. Qc2 Bf5 8. Qc1
e6 9. Nbd2 Be7 10. Be2 h6 11. b3 cxb3 12. axb3 O-O 13. O-O Rfc8 14. Qb2 Nh5 15.
Be5 Nf6 16. Bg3 Nh5 17. Be5 Nf6 18. Rfc1 Nxe5 19. Nxe5 a6 20. Bd3 Bxd3 21. Nxd3
Qb5 22. Qb1 Rab8 23. h3 Rc7 24. c4 dxc4 25. bxc4 Qxb1 26. Rcxb1 Nd7 27. Kf1 e5
28. Nxe5 Nxe5 29. dxe5 Rd8 30. Nf3 Rdd7 31. Ra4 Bc5 32. Ke2 Kf8 33. Ne1 Ba7 34.
Nd3 b5 35. Rxa6 bxc4 36. Nf4 Rb7 37. Rxb7 Rxb7 38. Rc6 Rb2+ 39. Kf3 Rb5 40.
Rc8+ 1-0

[Event "SUI-chT Joueur-Zuerich"]
[Site "?"]
[Date "2009.06.14"]
[Round "5.7"]
[White "Vesin, Jean-Robert"]
[Black "Gruenenwald, Joerg"]
[Result "0-1"]
[WhiteElo "2237"]
[BlackElo "2331"]
[PlyCount "60"]
[EventDate "2009.06.14"]
[EventRounds "5"]
[SourceDate "2001.01.01"]

1. e4 c5 2. Nf3 d6 3. d4 cxd4 4. Nxd4 Nf6 5. Nc3 a6 6. h3 b5 7. g4 Bb7 8. Bg2
e6 9. O-O b4 10. g5 bxc3 11. gxf6 gxf6 12. Qh5 cxb2 13. Bxb2 Qc8 14. Rfe1 Qc5
15. Nf5 Rg8 16. Qxh7 Rxg2+ 17. Kxg2 Qxf5 18. Qxf5 exf5 19. Bxf6 Nd7 20. Bd4
fxe4 21. Rab1 Bc6 22. Kg3 Ke7 23. Rb3 Ke6 24. Ra3 d5 25. Rc3 Bd6+ 26. Kh4 Bb5
27. Rb3 f6 28. Kh5 Rh8+ 29. Kg4 Rg8+ 30. Kh4 Kf5 0-1

[Event "SUI-chT Zuerich-Joueur"]
[Site "?"]
[Date "2009.06.14"]
[Round "5.8"]
[White "Goldstern, Filip Daniel"]
[Black "Serban, Vlad"]
[Result "0-1"]
[WhiteElo "2359"]
[BlackElo "2228"]
[PlyCount "74"]
[EventDate "2009.06.14"]
[EventRounds "5"]
[SourceDate "2001.01.01"]

1. Nf3 Nf6 2. c4 g6 3. Nc3 Bg7 4. d4 d5 5. Bg5 Ne4 6. cxd5 Nxg5 7. Nxg5 e6 8.
Nf3 exd5 9. e3 O-O 10. b4 Be6 11. Bd3 Nd7 12. Rc1 c6 13. O-O Qe7 14. Qb3 Qd6
15. Ng5 Bg4 16. Ne2 Qf6 17. Nh3 Bxh3 18. gxh3 Rfe8 19. b5 Nf8 20. bxc6 bxc6 21.
Qb7 Qf3 22. Qxc6 Ne6 23. h4 Bxd4 24. Nxd4 Nxd4 25. Qd6 Re4 26. h3 Qxh3 27. f3
Rxe3 28. Qxd5 Qg3+ 29. Kh1 Qxh4+ 30. Kg2 Rd8 31. Qc4 Qg5+ 32. Kh1 Nxf3 33. Rxf3
Rxf3 34. Bf1 Qh5+ 35. Kg1 Rg3+ 36. Kf2 Qf3+ 37. Ke1 Qe3+ 0-1

[Event "SUI-chT Winterthur-Luzern"]
[Site "?"]
[Date "2009.06.14"]
[Round "5.1"]
[White "Forster, Richard"]
[Black "Papa, Severin"]
[Result "1-0"]
[WhiteElo "2446"]
[BlackElo "2449"]
[PlyCount "63"]
[EventDate "2009.06.14"]
[SourceDate "2001.01.01"]

1. e4 d5 2. exd5 Qxd5 3. Nf3 Bg4 4. Be2 Nf6 5. h3 Bh5 6. d4 c6 7. O-O e6 8. c4
Qd8 9. Nc3 Be7 10. Be3 O-O 11. Rc1 Na6 12. Ne5 Bxe2 13. Qxe2 Re8 14. Rfd1 Nd7
15. Ne4 f6 16. Nf3 Qa5 17. a3 Qf5 18. Ng3 Qg6 19. d5 Nf8 20. b4 cxd5 21. cxd5
Bd6 22. Nh4 Qf7 23. dxe6 Rxe6 24. Ngf5 Bf4 25. Qg4 Bxe3 26. fxe3 Ng6 27. b5 Nc7
28. Nd6 Rxd6 29. Rxd6 Ne5 30. Qd4 Ne6 31. Qd5 Re8 32. Nf5 1-0

[Event "SUI-chT Winterthur-Luzern"]
[Site "?"]
[Date "2009.06.14"]
[Round "5.3"]
[White "Ballmann, Martin"]
[Black "Borgo, Giulio"]
[Result "1-0"]
[WhiteElo "2379"]
[BlackElo "2431"]
[PlyCount "111"]
[EventDate "2009.06.14"]
[SourceDate "2001.01.01"]

1. d4 d5 2. Nf3 Nf6 3. c3 Bf5 4. Qb3 Qc8 5. Bg5 Nbd7 6. Nbd2 h6 7. Bh4 e6 8. e3
Bd6 9. Bg3 Bxg3 10. hxg3 O-O 11. Be2 c5 12. c4 Ne4 13. cxd5 exd5 14. dxc5 Ndxc5
15. Qd1 Qc7 16. O-O Qb6 17. Nb3 Nxb3 18. Qxb3 Qxb3 19. axb3 Rfc8 20. Nd4 Be6
21. b4 a6 22. Bd3 Nd6 23. Ra2 Kf8 24. Rfa1 Rab8 25. Ra5 Ke7 26. Kf1 Rc7 27. Ke2
f6 28. Kd2 Nf7 29. Bf5 Nd8 30. Nxe6 Nxe6 31. Rxd5 Rc6 32. Ra3 Rd8 33. Rxd8 Nxd8
34. Rc3 Rd6+ 35. Rd3 Nc6 36. Rxd6 Kxd6 37. Kc3 Ne5 38. f3 b6 39. Be4 Kc7 40.
Kd4 Nc6+ 41. Bxc6 Kxc6 42. e4 h5 43. f4 Kd6 44. e5+ Ke6 45. Ke4 g6 46. Kd4 g5
47. Ke4 gxf4 48. gxf4 fxe5 49. fxe5 h4 50. Kf4 a5 51. b5 a4 52. Ke4 Ke7 53. Kd5
Kd7 54. e6+ Kc7 55. Ke5 Kd8 56. Kd6 1-0

[Event "SUI-chT Luzern-Winterthur"]
[Site "?"]
[Date "2009.06.14"]
[Round "5.4"]
[White "Kurmann, Oliver"]
[Black "Schiendorfer, Emanuel"]
[Result "1/2-1/2"]
[WhiteElo "2441"]
[BlackElo "2297"]
[PlyCount "58"]
[EventDate "2009.06.14"]
[SourceDate "2001.01.01"]

1. e4 c5 2. Nf3 d6 3. d4 cxd4 4. Nxd4 Nf6 5. Nc3 a6 6. Be3 Ng4 7. Bg5 h6 8. Bh4
g5 9. Bg3 Bg7 10. h3 Ne5 11. Nf5 Bxf5 12. exf5 Nbc6 13. Nd5 e6 14. fxe6 fxe6
15. Ne3 Qa5+ 16. c3 Nf3+ 17. Qxf3 Bxc3+ 18. Kd1 Qa4+ 19. Nc2 Bxb2 20. Qb3 Qxb3
21. axb3 Bxa1 22. Nxa1 Nd4 23. f3 Ke7 24. Bf2 Nc6 25. Kc1 a5 26. Bb5 Na7 27.
Bd3 Nc6 28. Bb5 Na7 29. Bd3 Nc6 1/2-1/2

[Event "SUI-chT Winterthur-Luzern"]
[Site "?"]
[Date "2009.06.14"]
[Round "5.5"]
[White "Huss, Andreas"]
[Black "Atlas, Valery"]
[Result "0-1"]
[WhiteElo "2346"]
[BlackElo "2429"]
[PlyCount "80"]
[EventDate "2009.06.14"]
[SourceDate "2001.01.01"]

1. d4 Nf6 2. Nf3 e6 3. e3 b6 4. Bd3 Bb7 5. O-O d5 6. Ne5 Bd6 7. f4 O-O 8. Nd2
Ne4 9. Bxe4 dxe4 10. b3 Nd7 11. Bb2 f6 12. Nxd7 Qxd7 13. c4 c5 14. Qc2 f5 15.
Rad1 Rad8 16. Nb1 Qc7 17. Nc3 a6 18. Ne2 Rd7 19. Rd2 Rfd8 20. Rfd1 Bc6 21. Kf2
h6 22. dxc5 bxc5 23. Rxd6 Rxd6 24. Be5 Qe7 25. Bxd6 Rxd6 26. Rxd6 Qxd6 27. Qc3
Be8 28. Qe5 Qe7 29. h3 g5 30. fxg5 hxg5 31. g4 Bg6 32. Ke1 Kf7 33. a4 Qb7 34.
Qxc5 Qxb3 35. Qc7+ Kg8 36. Qc8+ Kh7 37. Qd7+ Kh6 38. Qd4 Qb4+ 39. Kf2 Qf8 40.
Qd6 Qxd6 0-1

[Event "SUI-chT Luzern-Winterthur"]
[Site "?"]
[Date "2009.06.14"]
[Round "5.6"]
[White "Zueger, Beat"]
[Black "Nuri, Kambez"]
[Result "1/2-1/2"]
[WhiteElo "2415"]
[BlackElo "2197"]
[PlyCount "57"]
[EventDate "2009.06.14"]
[SourceDate "2001.01.01"]

1. c4 e5 2. Nc3 Nc6 3. g3 g6 4. Bg2 Bg7 5. e3 d6 6. Nge2 Nf6 7. d3 O-O 8. O-O
Be6 9. Nd5 Qd7 10. e4 Ne8 11. Be3 Nd8 12. Qd2 c6 13. Ndc3 Nc7 14. f4 f6 15. b3
c5 16. Nd5 Nc6 17. Nxc7 Qxc7 18. f5 Bd7 19. g4 g5 20. h4 h6 21. Nc3 Nd4 22. b4
Qd8 23. Rab1 b6 24. Rf2 Bc6 25. a4 Rf7 26. b5 Be8 27. Nd5 Rb7 28. hxg5 hxg5 29.
Bxd4 1/2-1/2

[Event "SUI-chT Winterthur-Luzern"]
[Site "?"]
[Date "2009.06.14"]
[Round "5.7"]
[White "Gaehwiler, Gabriel"]
[Black "Raeber, Markus"]
[Result "1-0"]
[WhiteElo "2239"]
[BlackElo "2290"]
[PlyCount "87"]
[EventDate "2009.06.14"]
[SourceDate "2001.01.01"]

1. e4 d6 2. d4 Nf6 3. Nc3 g6 4. f4 Bg7 5. Nf3 O-O 6. Bd3 Nc6 7. O-O e5 8. fxe5
dxe5 9. d5 Nd4 10. Nxe5 Nxe4 11. Nxe4 Bxe5 12. Bg5 f6 13. Bh4 Nf5 14. Bf2 Qxd5
15. Qe2 Nd4 16. Qd2 Bf5 17. Rfe1 Rad8 18. Qb4 a5 19. Qa3 b6 20. Rad1 Rfe8 21.
c3 Ne6 22. Qa4 Qa8 23. g4 Nf4 24. gxf5 gxf5 25. Nxf6+ Kh8 26. Bf1 b5 27. Rxd8
Rxd8 28. Qxb5 Bxf6 29. Qxf5 Rg8+ 30. Bg3 Qa7+ 31. Kh1 Qb7+ 32. Qe4 Qxe4+ 33.
Rxe4 Nd5 34. Bc4 Rd8 35. Re2 Nb6 36. Bb3 Rc8 37. Be6 Re8 38. Bxc7 Na4 39. Bg4
Rxe2 40. Bxe2 Nxb2 41. Bxa5 Na4 42. c4 Kg8 43. Bd1 Nc5 44. Bb6 1-0

[Event "SUI-chT Luzern-Winterthur"]
[Site "?"]
[Date "2009.06.14"]
[Round "5.8"]
[White "Almada, Enrique"]
[Black "Szakolczai, Peter"]
[Result "1-0"]
[WhiteElo "2326"]
[BlackElo "2274"]
[PlyCount "81"]
[EventDate "2009.06.14"]
[SourceDate "2001.01.01"]

1. d4 Nf6 2. c4 e6 3. Nc3 Bb4 4. e3 O-O 5. Nge2 d5 6. a3 Be7 7. Nf4 dxc4 8.
Bxc4 c5 9. O-O cxd4 10. exd4 Qc7 11. Qe2 a6 12. Be3 Bd6 13. g3 b5 14. Ba2 Bb7
15. Rac1 Qe7 16. d5 e5 17. Ng2 Bc8 18. f3 Bh3 19. Ne4 Nxe4 20. fxe4 Nd7 21. Qh5
Bxg2 22. Kxg2 Nc5 23. Qg4 Kh8 24. b4 Na4 25. Rc6 a5 26. Rfc1 axb4 27. axb4 Bxb4
28. Rc7 Qe8 29. Bb3 Be7 30. R1c6 Rd8 31. Qe2 f5 32. exf5 Bd6 33. Rb7 Rxf5 34.
Rxb5 e4 35. Bxa4 Rf3 36. Bd4 Qg6 37. Rxd6 Qxd6 38. Qxe4 Rf7 39. Qe6 Qf8 40. Rb1
Re7 41. Rf1 1-0

[Event "SUI-chT Bodan-Geneve"]
[Site "?"]
[Date "2009.06.14"]
[Round "5.1"]
[White "Knoedler, Dieter"]
[Black "Miralles, Gilles"]
[Result "0-1"]
[WhiteElo "2359"]
[BlackElo "2465"]
[PlyCount "68"]
[EventDate "2009.06.14"]
[SourceDate "2001.01.01"]

1. Nf3 d5 2. c4 e6 3. g3 c5 4. Bg2 Nc6 5. O-O dxc4 6. Na3 Nf6 7. Nxc4 Be7 8. b3
O-O 9. Bb2 Qc7 10. Rc1 Rd8 11. a3 b6 12. b4 Bb7 13. bxc5 bxc5 14. d3 Rab8 15.
Bc3 Nd5 16. Bd2 e5 17. Rb1 e4 18. Ne1 f5 19. Rc1 Bf6 20. e3 Ba6 21. Qa4 Bb5 22.
Qc2 exd3 23. Nxd3 Nb6 24. Nxb6 Bxd3 25. Qa2+ Kh8 26. Nd5 Qf7 27. Rfd1 Be2 28.
Rb1 Bxd1 29. Rxd1 Rd6 30. Be1 Rbd8 31. Qc4 Ne7 32. Ba5 Rxd5 33. Bxd5 Rxd5 34.
Rb1 Rd1+ 0-1

[Event "SUI-chT Geneve -Bodan"]
[Site "?"]
[Date "2009.06.14"]
[Round "5.2"]
[White "Renet, Olivier"]
[Black "Hommeles, Theo"]
[Result "0-1"]
[WhiteElo "2533"]
[BlackElo "2410"]
[PlyCount "88"]
[EventDate "2009.06.14"]
[SourceDate "2001.01.01"]

1. d4 d5 2. c4 c6 3. Nf3 Nf6 4. Nc3 e6 5. e3 Nbd7 6. Bd3 dxc4 7. Bxc4 b5 8. Bd3
Bb7 9. a3 b4 10. Ne4 Qb6 11. O-O c5 12. Nxf6+ gxf6 13. axb4 cxd4 14. exd4 Bxb4
15. Qe2 a5 16. Rd1 Bd5 17. Be4 Qb7 18. Bxd5 Qxd5 19. Bf4 Ke7 20. g3 Rhc8 21.
Nh4 Nb6 22. Rd3 Rc4 23. Ng2 Rac8 24. Ne3 Rc1+ 25. Rd1 Rxd1+ 26. Rxd1 Qe4 27. d5
e5 28. d6+ Ke6 29. Qg4+ f5 30. Qh4 Bxd6 31. f3 Qxf3 32. Qh6+ f6 33. Bg5 Nd7 34.
Rf1 Qe4 35. Nxf5 Rc2 36. Qh3 fxg5 37. Qh6+ Kd5 38. Qxd6+ Kc4 39. Qe6+ Kb4 40.
Rf2 Rc1+ 41. Rf1 Rxf1+ 42. Kxf1 Qc4+ 43. Qxc4+ Kxc4 44. Ne3+ Kb3 0-1

[Event "SUI-chT Bodan-Geneve"]
[Site "?"]
[Date "2009.06.14"]
[Round "5.3"]
[White "Zeller, Frank"]
[Black "Fargere, Francois"]
[Result "1/2-1/2"]
[WhiteElo "2455"]
[BlackElo "2444"]
[PlyCount "38"]
[EventDate "2009.06.14"]
[SourceDate "2001.01.01"]

1. e4 c5 2. Nf3 d6 3. d4 cxd4 4. Nxd4 Nf6 5. Nc3 a6 6. Bc4 e6 7. Bb3 b5 8. Bg5
Be7 9. Qf3 Qc7 10. e5 Bb7 11. exd6 Bxd6 12. Qe3 Nc6 13. Nf5 O-O-O 14. Nxd6+
Qxd6 15. f3 Nd4 16. Ne4 Nxe4 17. Bxd8 Qc5 18. O-O-O Nxb3+ 19. Qxb3 Nf2 1/2-1/2

[Event "SUI-chT Geneve-Bodan"]
[Site "?"]
[Date "2009.06.14"]
[Round "5.4"]
[White "Landenbergue, Claude"]
[Black "Modler, Andreas"]
[Result "1-0"]
[WhiteElo "2394"]
[BlackElo "2257"]
[PlyCount "85"]
[EventDate "2009.06.14"]
[SourceDate "2001.01.01"]

1. e4 c5 2. Nf3 e6 3. c3 Nf6 4. e5 Nd5 5. d4 cxd4 6. cxd4 d6 7. Bc4 Nb6 8. Bb3
dxe5 9. Nxe5 Nc6 10. Nf3 Bb4+ 11. Nc3 Na5 12. Bc2 Nd5 13. O-O Bxc3 14. bxc3
Nxc3 15. Qd3 Nd5 16. Ba3 f6 17. Rfe1 Kf7 18. Rac1 Nc6 19. Bb3 Ncb4 20. Qe4 a5
21. Nd2 Ra6 22. Qf3 Re8 23. Ne4 Rc6 24. Ba4 Bd7 25. Bxc6 Bxc6 26. Ng5+ Kg8 27.
Nxe6 Qe7 28. Qg3 Bd7 29. f4 Bxe6 30. f5 Qd7 31. fxe6 Rxe6 32. Rxe6 Qxe6 33.
Bxb4 axb4 34. Qb3 Kf7 35. h3 b6 36. Kh1 f5 37. Qg3 f4 38. Qh4 Qf5 39. Qf2 Qe4
40. Qc2 Qe3 41. Qf5+ Ke7 42. Qg5+ Kd6 43. Qd8+ 1-0

[Event "SUI-chT Bodan-Geneve"]
[Site "?"]
[Date "2009.06.14"]
[Round "5.5"]
[White "Schmid, Michael"]
[Black "Vuilleumier, Alexandre"]
[Result "1/2-1/2"]
[WhiteElo "2208"]
[BlackElo "2301"]
[PlyCount "126"]
[EventDate "2009.06.14"]
[SourceDate "2001.01.01"]

1. Nf3 Nf6 2. g3 d5 3. Bg2 c6 4. d3 Bf5 5. O-O e6 6. Ne5 Nbd7 7. Nxd7 Qxd7 8.
Nd2 Rd8 9. Qe1 h6 10. e4 dxe4 11. dxe4 Bh7 12. Qe2 Bc5 13. Nb3 Bb6 14. Bf4 O-O
15. Kh1 Qe7 16. f3 Nd7 17. Rfd1 Nc5 18. Be3 Na4 19. Bxb6 axb6 20. c3 Rxd1+ 21.
Rxd1 Rd8 22. Rd4 Rxd4 23. cxd4 Kf8 24. Qd2 Ke8 25. Nc1 Qg5 26. f4 Qa5 27. Qxa5
bxa5 28. Nd3 f6 29. Bf3 e5 30. fxe5 fxe5 31. Nxe5 Nxb2 32. Kg1 Na4 33. Nc4 b6
34. e5 Kd7 35. Bg4+ Kc7 36. Nd6 Bg6 37. Bf5 Bxf5 38. Nxf5 Nc3 39. Kf2 Nxa2 40.
Ke3 Nb4 41. Nxg7 a4 42. Kd2 a3 43. Kc3 a2 44. Kb2 c5 45. dxc5 bxc5 46. Ne6+ Kc6
47. Nf4 c4 48. Ne2 Kd5 49. g4 Kxe5 50. h4 Ke4 51. g5 h5 52. g6 Nc6 53. g7 Ne7
54. Kxa2 Kf3 55. Nd4+ Kg4 56. Kb2 Ng8 57. Ne2 Kf3 58. Nd4+ Kg3 59. Ne6 Kxh4 60.
Nf4 Kg4 61. Nxh5 Kxh5 62. Kc3 Kg6 63. Kxc4 Kxg7 1/2-1/2